000 00655nam a22002293a 4500
001 16268
003 BD-RjUL
005 20211209000004.0
008 140213r19671963enk 000 0 eng d
035 _a(BD-RjUL)16323
040 _aEQO
_cEQO
_beng
_dBD-RjUL
041 _aeng
082 _a791.4
_bAGA 1967
100 1 _aAgee, James,
_d1909-1955.
_950309
245 1 0 _aAgee on film ;
_breviews and comments /
250 _aBritish Commonealth ed. 1963
260 _aLondon :
_bPeter Owen,
_c1963
_c[Imperession 1967]
300 _a V.:
_bills. ;
_c23 cm
505 0 _av.1. Reviews and comments--
650 _aMotion pictures.
_9130008
942 _2ddc
_cBK
999 _c16268
_d16268